| 000 | 01581nam a2200457 i 4500 | ||
|---|---|---|---|
| 001 | 7172 | ||
| 003 | KOSZ 005 | ||
| 005 | 20200403142337.0 | ||
| 008 | 080402s1962 pl a f f |000 0 pol | ||
| 015 | _aPB 1962/4134 | ||
| 035 | _a(OCoLC)751226308 | ||
| 040 |
_aWA N _cWA N _dKOSZ 005/HR |
||
| 046 | _k1962 | ||
| 080 | _a621.317 | ||
| 080 | _a(075.8) | ||
| 100 | 1 |
_aJellonek, Andrzej _d(1907-1998) _eAutor |
|
| 245 | 1 | 0 |
_aKonstrukcja elektronicznych przyrządów pomiarowych. _nCz. 1 / _cA. Jellonek, Z. Karkowski. |
| 250 | _aWyd. 3 popr. i uzup. | ||
| 260 |
_aWarszawa : _bPaństwowe Wydawnictwo Naukowe, _c1962. |
||
| 300 |
_a175 s. : _bil. ; _c24 cm. |
||
| 336 |
_2rdacontent _aTekst _btxt |
||
| 337 |
_2rdamedia _aBez urządzenia pośredniczącego _bn |
||
| 338 |
_2rdacarrier _aWolumin _bnc |
||
| 380 | _aKsiążki | ||
| 388 | _a1901-2000 | ||
| 388 | _a1945-1989 | ||
| 500 | _aWyd. 1 pod hasłem i tyt.: Jellonek A., Karkowski Z., Łączyński J.: Elektronowe przyrządy pomiarowe. | ||
| 500 | _aPowiel. | ||
| 504 | _aBibliogr. | ||
| 521 | 8 | _aSkrypt dla studentów wyższych szkół technicznych. | |
| 658 | _aInżynieria i technika | ||
| 655 | 4 | _aPodręczniki akademickie | |
| 650 | 4 | _aElektronika | |
| 650 | 4 | _aPomiary | |
| 650 | 4 | _aBudowa i konstrukcje | |
| 650 | 4 | _aUrządzenia | |
| 650 | 4 | _aPrzyrządy pomiarowe | |
| 700 | 1 |
_aKarkowski, Zdzisław _d(1925-1990) _eAutor |
|
| 856 |
_uhttp://koha.tu.koszalin.pl/cgi-bin/koha/opac-detail.pl?biblionumber=7172 _yKatalog online BPK |
||
| 942 |
_2UKD _cKS |
||
| 999 |
_c7172 _d7172 |
||